000
00322nam a2200109Ia 4500
008
171211s9999 xx 000 0 und d
245
_a
No Closure: Catholic Practice and Boston's Parish Shutdowns
245
_c
John C. Seitz
260
_c
2011
650
_x
RELIGION
856
_u
http://down.ebook777.com/064/0674053028.pdf
999
_c
350545
_d
350545